[Event "26th Chicago Open 2017"]
[Site "Chicago USA"]
[Date "2017.05.28"]
[Round "6.8"]
[White "Vibbert,Sean"]
[Black "Friedel,J"]
[Result "0-1"]
[WhiteElo "2316"]
[BlackElo "2528"]
[EventType "swiss"]

1.e4 e5 2.Nf3 Nc6 3.Bb5 a6 4.Ba4 d6 5.O-O Bd7 6.c3 g6 7.d4 Bg7 8.h3 Nf6 9.Re1
O-O 10.Nbd2 Re8 11.Bc2 Qe7 12.Nf1 Qf8 13.Ng3 Kh8 14.Bg5 Ng8 15.dxe5 Nxe5
16.Nxe5 Rxe5 17.Be3 Bc6 18.Bd4 Re7 19.Bxg7+ Qxg7 20.Qd4 Rae8 21.Re3 Nf6
22.Rae1 Nd7 23.Qxg7+ Kxg7 24.Nf1 a5 25.f3 h5 26.h4 Ne5 27.b3 Bb5 28.c4 Bc6
29.Bd1 a4 30.f4 Nd7 31.Bf3 axb3 32.axb3 Ra8 33.Nd2 Ra2 34.R1e2 Nc5 35.e5 Bxf3
36.gxf3 dxe5 37.fxe5 Rd7 38.Ne4 Rxe2 39.Rxe2 Nxe4 40.Rxe4 Rd3 41.Kg2 Rxb3
42.Rd4 Kf8 43.Rd7 c5 44.Rc7 b6 45.Kg3 Rb4 46.Rb7 Rxc4 47.Rxb6 Rc1 48.Rb7 c4
49.Kf4 c3 50.Rc7 c2 51.Rc8+ Ke7 52.Rc7+ Ke6 53.Rc5 g5+ 54.hxg5 h4 55.Rc6+ Kd5
56.Rd6+ Kc4 57.e6 fxe6 58.Rc6+ Kb5 59.Rc8 h3 60.Kg3 Rg1+ 61.Kxh3 c1=Q 62.Rxc1
Rxc1 63.Kg4 Kc5 {#R} 0-1

[Event "Groninger Combinatie Open"]
[Site "Groningen NED"]
[Date "2017.05.27"]
[Round "4.9"]
[White "Van Randtwijk,Mick"]
[Black "Kouwenhoven,Derk"]
[Result "0-1"]
[WhiteElo "2012"]
[BlackElo "2098"]

1.e4 e5 2.Nf3 Nc6 3.Bb5 a6 4.Ba4 Nf6 5.d3 d6 6.c4 Bd7 7.O-O g6 8.Nc3 Bg7 9.Nd5
h6 10.h3 Rb8 11.Be3 b5 12.Nxf6+ Qxf6 13.cxb5 axb5 14.Bb3 Na5 15.Bc2 c5 16.a3
Nc6 17.Bb3 Qe7 18.Bd5 O-O 19.b4 cxb4 20.Bxc6 Bxc6 21.axb4 f5 22.Qc2 Rfc8
23.Ra7 Rb7 24.Rfa1 Rcc7 25.Ra8+ Kh7 26.Qb3 Be8 27.Ne1 Bf7 28.Qb2 f4 29.Bd2 d5
30.Bc3 dxe4 31.dxe4 Rc4 32.f3 Rbc7 33.R1a3 Qd6 34.Nd3 Qxd3 35.Bxe5 Qd1+ 36.Kh2
Rc1 {#R} 0-1

[Event "10th KIIT Elite Open 2017"]
[Site "Bhubaneswar IND"]
[Date "2017.05.29"]
[Round "5.17"]
[White "Sai,KG"]
[Black "Hirthickkesh,PR"]
[Result "1-0"]
[WhiteElo "2339"]
[BlackElo "2168"]

1.e4 e5 2.Nf3 Nc6 3.Bb5 a6 4.Ba4 Nf6 5.O-O b5 6.Bb3 Bb7 7.c3 Nxe4 8.d4 exd4
9.Re1 d5 10.Ng5 Qd7 11.f3 h6 12.Nxf7 Kxf7 13.fxe4 Na5 14.e5 Qe6 15.Bc2 dxc3
16.Nxc3 Bc5+ 17.Kh1 Raf8 18.Ne2 g5 19.b4 Bxb4 20.Nd4 Qb6 21.Qh5+ Ke7 22.Bxg5+
hxg5 23.Qxg5+ Kd7 24.Qg4+ Kd8 25.Ne6+ Ke8 26.Qg6+ Ke7 27.Nxf8 Rxf8 28.Qg7+ Rf7
29.Qg5+ Kf8 30.e6 Bxe1 31.exf7 Qf2 32.Qg8+ Ke7 33.Qe8+ {#r} 1-0

[Event "26th Chicago Open 2017"]
[Site "Chicago USA"]
[Date "2017.05.26"]
[Round "3.24"]
[White "Daggupati,Balaji"]
[Black "Larrua Gonzalez,F"]
[Result "1-0"]
[WhiteElo "2188"]
[BlackElo "2367"]
[EventType "swiss"]

1.e4 e5 2.Nf3 Nc6 3.Bb5 a6 4.Ba4 Nf6 5.O-O b5 6.Bb3 Bc5 7.c3 d6 8.d4 Bb6 9.a4
Rb8 10.axb5 axb5 11.Na3 O-O 12.Nxb5 Bg4 13.d5 Ne7 14.Bc2 Qe8 15.c4 Nxe4
16.Bxe4 f5 17.Bc2 e4 18.Re1 Ng6 19.Qd2 Bxf3 20.gxf3 Nh4 21.Bd1 f4 22.Kh1 Qh5
23.Ra3 Nxf3 24.Bxf3 exf3 25.Nd4 Bxd4 26.Qxd4 Rf6 27.Qe4 Rh6 28.Bxf4 Qg4
29.Qxf3 Qxf3+ 30.Rxf3 Rf6 31.Re7 g5 32.Rxc7 gxf4 33.b3 Re8 34.Kg2 Rg6+ 35.Kh3
Re4 36.b4 Rh6+ 37.Kg2 Rg6+ 38.Kf1 Rd4 39.b5 Rg7 40.Rxg7+ Kxg7 41.Rc3 f3 {#r}
1-0

[Event "TCh-FRA Top 12 2017"]
[Site "Chartres FRA"]
[Date "2017.05.25"]
[Round "8.5"]
[White "Kosteniuk,A"]
[Black "Le Corre,B"]
[Result "1-0"]
[WhiteElo "2540"]
[BlackElo "2261"]

1.e4 e5 2.Nf3 Nc6 3.Bb5 a6 4.Ba4 Nf6 5.O-O Nxe4 6.d4 exd4 7.Re1 d5 8.Nxd4 Bd6
9.Nxc6 Bxh2+ 10.Kh1 Qh4 11.Rxe4+ dxe4 12.Qd8+ Qxd8 13.Nxd8+ Kxd8 14.Kxh2 Be6
15.c3 Ke7 16.Bf4 Rac8 17.Nd2 f5 18.f3 Rhf8 19.fxe4 fxe4 20.Be3 Rf5 21.Bc2 Re8
22.Nxe4 h6 23.Bd4 Kf7 24.Kg1 b6 25.Bxb6 Rb5 26.Bxc7 Rxb2 27.Nd6+ Ke7 28.Nxe8
Rxc2 29.Nxg7 Bxa2 30.Nf5+ Kd7 31.Bf4 Bc4 32.Rd1+ {#r} 1-0

[Event "15th Somov Memorial 2017"]
[Site "Kirishi RUS"]
[Date "2017.05.28"]
[Round "11.4"]
[White "Lobanov,Sergei"]
[Black "Pultinevicius,Paulius"]
[Result "1-0"]
[WhiteElo "2429"]
[BlackElo "2395"]

1.e4 e5 2.Nf3 Nc6 3.Bb5 a6 4.Ba4 Nf6 5.O-O Nxe4 6.d4 b5 7.Bb3 d5 8.dxe5 Be6
9.Nbd2 Nc5 10.c3 d4 11.Bxe6 Nxe6 12.c4 b4 13.Qe2 Be7 14.Nb3 a5 15.Qe4 Ra6
16.Bd2 O-O 17.Rad1 a4 18.Nc1 Na5 19.Nd3 c5 20.Rc1 Re8 21.h4 Qa8 22.Qg4 h5
23.Qh3 Qe4 24.Ng5 Bxg5 25.Bxg5 b3 26.a3 Raa8 27.Bd2 Qe2 28.Bxa5 Rxa5 29.f4
Qe3+ 30.Kh2 Qxh3+ 31.Kxh3 f5 32.exf6 gxf6 33.Rce1 Kf7 34.f5 Ng7 35.Rxe8 Nxe8
36.g4 hxg4+ 37.Kxg4 Nd6 38.Rc1 Ra8 39.Nxc5 Rc8 40.Nd3 Nxc4 41.Kf4 Nxb2 42.Rxc8
Nxd3+ 43.Kf3 Nb4 44.Rc4 Na6 45.Rxd4 Nc5 46.Rd2 Kg7 47.Ke3 Kh6 48.Kd4 Nd7
49.Kc3 Nc5 50.Rd4 Kh5 51.Rc4 {#r} 1-0

[Event "36th Zalakaros Open 2017"]
[Site "Zalakaros HUN"]
[Date "2017.05.24"]
[Round "7.22"]
[White "Havasi,Gergo"]
[Black "Nemeth,Mi1"]
[Result "0-1"]
[WhiteElo "2402"]
[BlackElo "2451"]

1.e4 e5 2.Nf3 Nc6 3.Bb5 a6 4.Ba4 Nf6 5.O-O Be7 6.d3 b5 7.Bb3 O-O 8.a4 b4
9.Nbd2 Bc5 10.Nc4 d6 11.Be3 Bxe3 12.fxe3 Be6 13.Qe1 Rb8 14.Ncd2 Bxb3 15.Nxb3
Ne7 16.Nh4 Ng6 17.Nf5 c6 18.Qg3 Ne8 19.Rf2 f6 20.h4 Ne7 21.h5 Nxf5 22.exf5 Qb6
23.a5 Qa7 24.e4 Rb5 25.Re1 Rf7 26.Kh2 Re7 27.Rfe2 Qc7 28.d4 exd4 29.Nxd4 Rxa5
30.Ne6 Qb6 31.Qb3 Rf7 32.g4 h6 33.Kg2 Qb8 34.c3 Rb5 35.c4 Re5 36.Nf4 a5 37.Nd3
Ree7 38.c5 Kh7 39.cxd6 Nxd6 40.e5 fxe5 41.Nxe5 Rf6 42.Qf3 Qb5 43.Re3 a4 44.Ng6
Rxe3 45.Rxe3 b3 46.Re5 Qb4 47.Re3 Qd4 48.Qe2 c5 49.Kh3 Qd5 50.Re5 Qh1+ 51.Kg3
Qg1+ 52.Kh3 Qh1+ 53.Kg3 Qa8 54.Re7 Qd5 55.Ra7 Nxf5+ 56.gxf5 Rxf5 57.Rxa4 Rxh5
58.Rg4 Qd6+ 59.Nf4 Re5 60.Qf3 g5 61.Kg2 Qd2+ 62.Kh1 Re1+ 63.Rg1 Rxg1+ 64.Kxg1
Qxf4 65.Qd3+ Kg7 66.Qd7+ Qf7 67.Qd6 c4 68.Qd4+ Kg8 69.Qd8+ Kh7 70.Qc8 Qd5
71.Qe8 c3 72.Qe7+ Kg6 73.Qe8+ Kg7 74.Qe7+ Qf7 75.Qe5+ Qf6 76.Qc7+ Kg6 77.bxc3
b2 78.Qb8 Qxc3 79.Qe8+ Kf5 80.Qf7+ Kg4 81.Qe6+ Kf4 82.Qf7+ Ke3 83.Qe6+ Kd2
84.Qe4 Qe3+ {#R} 0-1

[Event "15th Somov Memorial 2017"]
[Site "Kirishi RUS"]
[Date "2017.05.26"]
[Round "9.3"]
[White "Shevchenko,Kirill"]
[Black "Pultinevicius,Paulius"]
[Result "0-1"]
[WhiteElo "2491"]
[BlackElo "2395"]

1.e4 e5 2.Nf3 Nc6 3.Bb5 a6 4.Ba4 Nf6 5.d3 b5 6.Bb3 Be7 7.O-O d6 8.a3 O-O 9.Nc3
Na5 10.Ba2 c5 11.Bg5 Nc6 12.a4 Rb8 13.Bxf6 Bxf6 14.h3 Nb4 15.axb5 axb5 16.Nd5
Nxd5 17.Bxd5 Be6 18.Bxe6 fxe6 19.Ra7 Ra8 20.Qa1 Qb8 21.Ra3 Qb7 22.Qa2 Rxa3
23.Qxe6+ Qf7 24.Qxf7+ Kxf7 25.bxa3 Ra8 26.Rb1 Rxa3 27.Rxb5 Ra1+ 28.Kh2 Ra2
29.Nd2 Rxc2 30.Nc4 Ke6 31.Rb6 Be7 32.Kg3 Rc3 33.Nb2 Bg5 34.Na4 Rc2 35.Nb2 Rc3
36.Na4 Rc2 37.Kf3 Bd8 38.Ra6 g6 39.g3 h5 40.h4 g5 41.Ra8 Be7 42.hxg5 Bxg5
43.Nb6 Rc3 44.Ke2 Rc2+ 45.Kf3 Rc3 46.Ke2 Rc2+ 47.Kf1 Rc1+ 48.Kg2 Rc3 49.Rg8
Bf6 50.Nd5 Kf7 51.Nxc3 Kxg8 52.Nd5 Kf7 53.f4 exf4 54.gxf4 Bd8 55.Kf3 Ke6
56.Ne3 Kd7 57.Nf5 Kc6 58.Ng7 h4 59.Ne6 Be7 60.f5 d5 61.e5 c4 62.f6 Ba3 63.Nd4+
Kd7 64.e6+ Kd6 65.e7 Kd7 66.Nc2 cxd3 67.Ne3 Bc5 68.Nxd5 d2 69.Nc3 Bd4 70.Nd1
Bxf6 71.Ke2 Bg5 72.Kf3 Kxe7 73.Kg4 Ke6 74.Nf2 Ke5 75.Kf3 Kd4 76.Ke2 Be3 77.Ng4
h3 78.Nh2 Kc3 79.Nf1 h2 {#R} 0-1

[Event "36th Zalakaros Open 2017"]
[Site "Zalakaros HUN"]
[Date "2017.05.23"]
[Round "6.37"]
[White "Sadhwani,Raunak"]
[Black "Swayams,M"]
[Result "0-1"]
[WhiteElo "2298"]
[BlackElo "2448"]

1.e4 e5 2.Nf3 Nc6 3.Bb5 a6 4.Ba4 Nf6 5.O-O Be7 6.Re1 b5 7.Bb3 O-O 8.h3 Bb7
9.d3 d6 10.a3 Qd7 11.Nc3 Rfe8 12.Ng5 Nd8 13.f4 exf4 14.Bxf4 h6 15.Nf3 Ne6
16.Be3 c5 17.Rf1 Qc7 18.Nd2 Nd4 19.Ba2 Rad8 20.Nf3 Ne6 21.Nd2 b4 22.axb4 cxb4
23.Na4 d5 24.Bb6 Bc5+ 25.Bxc5 Nxc5 26.e5 Qxe5 27.Nxc5 Qe3+ 28.Kh1 Qxc5 29.Rxf6
gxf6 30.Qg4+ Kh8 31.Qh4 Qf8 32.Rf1 a5 33.Nb3 Rd6 34.Nxa5 Ba8 35.Qxb4 Rde6
36.Qxf8+ Rxf8 37.Nb3 Ra6 38.Bb1 Rb8 39.Rf4 d4 40.Kg1 Bd5 41.Kh2 Bxb3 42.cxb3
Ra1 43.Rf1 Kg7 44.Kg1 Rxb3 45.Bc2 Rxf1+ 46.Kxf1 Rxb2 47.Ba4 f5 48.Bd7 Kf6
49.Be8 Rd2 50.Bb5 Ke5 {#R} 0-1

[Event "10th KIIT Elite Open 2017"]
[Site "Bhubaneswar IND"]
[Date "2017.05.27"]
[Round "3.29"]
[White "Shrestha,B"]
[Black "Arjun,Kalyan"]
[Result "0-1"]
[WhiteElo "2072"]
[BlackElo "2322"]

1.e4 e5 2.Nf3 Nc6 3.Bb5 a6 4.Ba4 Nf6 5.O-O Be7 6.Re1 b5 7.Bb3 d6 8.c3 O-O 9.d3
Na5 10.Bc2 c5 11.Nbd2 Re8 12.Nf1 Bf8 13.Ng3 Nc6 14.h3 h6 15.Be3 d5 16.exd5
Nxd5 17.Qd2 Be6 18.Qe2 f5 19.Bd2 Bd6 20.a4 Qf6 21.axb5 axb5 22.Rxa8 Rxa8
23.Nh5 Qf7 24.Nf4 Nxf4 25.Bxf4 Re8 26.Bh2 Qd7 27.Qe3 Bf7 28.Nd2 Kh7 29.Qf3 e4
30.Qd1 exd3 31.Bb1 Rxe1+ 32.Qxe1 Bxh2+ 33.Kxh2 Qd6+ 34.Kg1 c4 35.Qe3 Qe5
36.Nf3 Qxe3 37.fxe3 Bd5 38.Nd2 g5 39.b3 Ne5 40.bxc4 bxc4 41.Kf2 Kg6 42.g3 Kf6
43.Ba2 Ke7 44.g4 fxg4 45.e4 Be6 46.hxg4 Nxg4+ 47.Kf3 Ne5+ 48.Ke3 Kd6 49.Kd4 h5
{#R} 0-1

[Event "26th Chicago Open 2017"]
[Site "Chicago USA"]
[Date "2017.05.25"]
[Round "1.20"]
[White "Gurevich,Daniel"]
[Black "Miyasaka,Marcus M"]
[Result "1-0"]
[WhiteElo "2460"]
[BlackElo "2197"]
[EventType "swiss"]

1.e4 e5 2.Nf3 Nc6 3.Bb5 a6 4.Ba4 Nf6 5.d3 b5 6.Bb3 Be7 7.O-O O-O 8.Re1 d6 9.c3
Na5 10.Bc2 c5 11.Nbd2 Re8 12.Nf1 Nc6 13.Ne3 a5 14.a4 b4 15.Bb3 h6 16.Nh4 bxc3
17.bxc3 Be6 18.Nhf5 Bf8 19.Bc4 g6 20.Ng3 Bg7 21.Bxe6 Rxe6 22.Rb1 Rc8 23.Rb3
Na7 24.Rb7 Re7 25.Rxe7 Qxe7 26.Ne2 Rb8 27.f4 exf4 28.Nxf4 Nc6 29.Nc4 Qd7
30.Ne3 Qb7 31.Bd2 Ne7 32.Nc4 Qc7 33.Qf3 Qc6 34.h3 Nc8 35.e5 Qxf3 36.gxf3 dxe5
37.Rxe5 Rb1+ 38.Kg2 Nb6 39.Rxc5 Nxc4 40.dxc4 Rb2 41.Rc8+ Kh7 42.Rd8 Ne4
43.fxe4 Bxc3 44.Kf3 Bxd2 45.Nd5 Rb3+ 46.Ke2 Bb4 47.Nf6+ Kg7 48.e5 h5 49.Ne8+
Kf8 50.Rc8 Rxh3 51.c5 Rc3 52.Nf6+ Kg7 53.c6 Rc2+ 54.Kf3 Be7 55.Ne8+ Kh6 56.c7
Rc3+ 57.Ke2 h4 58.Rb8 h3 59.c8=Q h2 60.Qb7 Rc1 61.Nf6 Bxf6 62.exf6 {#r} 1-0

[Event "4th Gligoric Cup 2017"]
[Site "Novi Banovci SRB"]
[Date "2017.05.28"]
[Round "5.8"]
[White "Sedlak,I"]
[Black "Majstorovic,Stanko"]
[Result "1-0"]
[WhiteElo "2099"]
[BlackElo "2149"]

1.e4 e5 2.Nf3 Nf6 3.Bb5 a6 4.Ba4 Nc6 5.d3 b5 6.Bb3 Be7 7.O-O O-O 8.Re1 d6 9.c3
Bg4 10.Nbd2 Na5 11.Bc2 c5 12.Nf1 h6 13.Ne3 Be6 14.d4 cxd4 15.cxd4 Qc7 16.Bd2
Nc4 17.Nxc4 bxc4 18.Bc3 Bg4 19.h3 Bxf3 20.Qxf3 Nd7 21.Rad1 Bf6 22.d5 a5 23.Qg4
a4 24.a3 Rfe8 25.Re3 Nf8 26.Rf3 Qd7 27.Rf5 Nh7 28.Qe2 Qb5 29.Bb4 Ra6 30.Rf3
Rb6 31.Rc3 Rc8 32.Bd3 Rcb8 33.Rxc4 Qd7 34.Rdc1 Be7 35.Qc2 f5 36.Rc7 Qe8 37.Rc8
Rxc8 38.Qxc8 Qxc8 39.Rxc8+ Kf7 40.Ra8 fxe4 41.Bxe4 Nf6 42.f3 Rb5 43.Rxa4 Nxd5
44.Bd3 Rxb4 45.axb4 Nf4 46.Bf1 d5 47.g3 Ne6 48.Bd3 Nd4 49.Kg2 e4 50.fxe4 dxe4
51.Bc4+ Ke8 52.h4 Nc6 53.Be2 Ne5 {#r} 1-0

[Event "26th Chicago Open 2017"]
[Site "Chicago USA"]
[Date "2017.05.28"]
[Round "7.1"]
[White "Harmon-Vellotti,Luke"]
[Black "Sevian,Samuel"]
[Result "0-1"]
[WhiteElo "2449"]
[BlackElo "2585"]
[EventType "swiss"]

1.e4 e5 2.Nf3 Nc6 3.Bb5 a6 4.Ba4 Nf6 5.O-O Be7 6.Re1 b5 7.Bb3 d6 8.c3 O-O 9.d4
Bg4 10.Be3 exd4 11.cxd4 Na5 12.Bc2 c5 13.h3 cxd4 14.Bxd4 Bh5 15.g4 Bg6 16.Nc3
Nc4 17.b3 Na3 18.Bd3 b4 19.Na4 Nb5 20.Bb2 d5 21.Bxf6 Bxf6 22.e5 Be7 23.Rc1 d4
24.Bxg6 fxg6 25.Qd3 Qd5 26.Re4 Rad8 27.Kg2 Nc3 28.Nxc3 dxc3 29.Qxd5+ Rxd5
30.Rc2 Rd3 31.Ne1 Rd2 32.Re2 Rfd8 33.e6 R8d6 34.Kf3 g5 35.Ng2 Rxc2 36.Rxc2
Rxe6 37.Ne3 Bc5 38.Nc4 Kf7 39.Re2 Rf6+ 40.Kg2 Re6 41.Kf1 Kf6 42.f3 Rxe2
43.Kxe2 Ke6 44.Kd3 Kd5 45.Ke2 Kd4 46.Ne3 Ke5 47.Ng2 a5 48.Ne1 Bb6 49.Nd3+ Kd4
50.Ne1 c2 51.Nxc2+ Kc3 52.Ne1 Kb2 53.Kd3 Bf2 {#R} 0-1

[Event "10th KIIT Elite Open 2017"]
[Site "Bhubaneswar IND"]
[Date "2017.05.29"]
[Round "5.28"]
[White "Singh,Y"]
[Black "Neelotpal,D"]
[Result "0-1"]
[WhiteElo "2134"]
[BlackElo "2438"]

1.e4 e5 2.Nf3 Nc6 3.Bb5 a6 4.Ba4 Nf6 5.O-O Be7 6.Re1 b5 7.Bb3 O-O 8.c3 d6 9.h3
Bb7 10.d4 Re8 11.Ng5 Rf8 12.Nf3 Nd7 13.Nbd2 exd4 14.cxd4 Bf6 15.Nf1 Re8 16.Ng3
Na5 17.Bc2 g6 18.Bf4 Nf8 19.b3 Rc8 20.Rc1 c5 21.Bb1 c4 22.d5 Ba8 23.Nd4 cxb3
24.Rxc8 Qxc8 25.Bxd6 b2 26.e5 Bg7 27.Bxf8 Kxf8 28.Qf3 Kg8 29.Kh2 Rxe5 30.Rxe5
Bxe5 31.Nf5 gxf5 32.Bxf5 Qf8 33.Bd3 f5 34.Bxf5 b1=Q 35.Qg4+ Qg7 36.Bxb1 Qxg4
37.hxg4 Bxd5 38.Kh3 Bxg3 39.Kxg3 Nc4 40.Kf4 Na3 41.Bd3 Bxa2 42.Ke5 Bc4 43.Be4
b4 44.Kd4 Be6 45.g5 Nb5+ 46.Kc5 b3 47.Kb4 b2 48.Bb1 Kg7 49.f4 Nd6 50.Kc3 Bf5
51.Kxb2 Bxb1 52.Kxb1 Nc4 53.g3 Kg6 54.Kc2 Ne3+ 55.Kd3 Nf1 56.g4 Nh2 {#R} 0-1

[Event "52nd Capablanca Mem Elite"]
[Site "Matanzas CUB"]
[Date "2017.05.27"]
[Round "1.3"]
[White "Sasikiran,K"]
[Black "Piorun,K"]
[Result "1-0"]
[WhiteElo "2669"]
[BlackElo "2638"]

1.e4 e5 2.Nf3 Nc6 3.Bb5 a6 4.Ba4 Nf6 5.O-O Be7 6.Re1 b5 7.Bb3 d6 8.c3 O-O 9.h3
Na5 10.Bc2 c5 11.d4 Nd7 12.a4 exd4 13.axb5 axb5 14.cxd4 b4 15.Nbd2 Nb6 16.Nf1
c4 17.Ne3 d5 18.exd5 Bb7 19.Ne5 Nxd5 20.N3xc4 Nxc4 21.Rxa8 Bxa8 22.Qd3 g6
23.Qxc4 Bf6 24.Bd2 Qd6 25.Bb3 Kg7 26.Ng4 Rd8 27.Bh6+ Kg8 28.Qc5 {#r} 1-0

[Event "15th Somov Memorial 2017"]
[Site "Kirishi RUS"]
[Date "2017.05.24"]
[Round "7.2"]
[White "Zarubitski,Viachaslau"]
[Black "Pultinevicius,Paulius"]
[Result "1-0"]
[WhiteElo "2325"]
[BlackElo "2395"]

1.e4 e5 2.Nf3 Nc6 3.Bb5 a6 4.Ba4 Nf6 5.O-O Be7 6.Re1 b5 7.Bb3 d6 8.c3 O-O 9.h3
Na5 10.Bc2 c5 11.d4 Nd7 12.Nbd2 exd4 13.cxd4 Nc6 14.d5 Nce5 15.Nxe5 Nxe5 16.f4
Ng6 17.Nf3 f5 18.exf5 Bxf5 19.Bxf5 Rxf5 20.Qd3 Qf8 21.Qe4 Rf7 22.g3 Bf6 23.Qc2
Qc8 24.Re6 Nf8 25.Rxd6 c4 26.Be3 Qxh3 27.Bf2 Be7 28.Rc6 Rf5 29.Ne5 Bf6 30.Re1
Re8 31.d6 Bxe5 32.Rxe5 Rfxe5 33.fxe5 Rxe5 34.Rxa6 h5 35.Qc3 Rd5 36.Qf3 Rd3
37.Qe2 Kh7 38.Ra5 Qf5 39.a4 Rxd6 40.Rxb5 Rd5 41.Qxc4 Rd1+ 42.Kg2 Qg6 43.Qe2
Qc6+ 44.Qf3 Qxf3+ 45.Kxf3 Kg6 46.a5 Ne6 47.a6 Nc7 48.a7 Ra1 49.Rb7 {#r} 1-0

[Event "Groninger Combinatie Open"]
[Site "Groningen NED"]
[Date "2017.05.27"]
[Round "5.6"]
[White "Kollen,Z"]
[Black "Hilwerda,Jonas"]
[Result "1-0"]
[WhiteElo "2315"]
[BlackElo "2068"]

1.e4 e5 2.Nf3 Nc6 3.Bb5 a6 4.Ba4 Nf6 5.O-O Be7 6.Re1 b5 7.Bb3 d6 8.c3 O-O 9.h3
Na5 10.Bc2 c5 11.d4 Qc7 12.Nbd2 cxd4 13.cxd4 Nc6 14.d5 Nb4 15.Bb1 a5 16.Nf1
Bd7 17.a3 Na6 18.Bd2 b4 19.axb4 Nxb4 20.Bxb4 axb4 21.Bd3 Rxa1 22.Qxa1 Rc8
23.N3d2 Be8 24.Nb3 Nd7 25.Rc1 Qb8 26.Rxc8 Qxc8 27.Nfd2 Nc5 28.Nxc5 dxc5 29.b3
f6 30.Qa7 Qd7 31.Qa6 Qd6 32.Qa2 Qb8 33.Be2 Bd7 34.Nc4 Bb5 35.Na5 Bd7 36.Nc6
Bxc6 37.dxc6 Qc7 38.Qa8+ Bd8 39.Bc4+ Kf8 40.Bd5 Qa5 41.Qc8 g6 42.Qe6 Kg7
43.Qf7+ Kh6 44.g3 Qc7 45.Qf8+ Kg5 46.h4+ Kh5 47.Bc4 g5 48.Bf7+ Kg4 49.Kg2 gxh4
50.Qg7# 1-0

[Event "36th Zalakaros Open 2017"]
[Site "Zalakaros HUN"]
[Date "2017.05.23"]
[Round "6.22"]
[White "Bagi,M"]
[Black "Gara,A"]
[Result "1-0"]
[WhiteElo "2455"]
[BlackElo "2373"]

1.d4 d5 2.Nc3 Nf6 3.Bf4 e6 4.Nb5 Na6 5.a3 Ne4 6.f3 c6 7.fxe4 cxb5 8.e5 b4
9.axb4 Nxb4 10.c3 Nc6 11.e3 Be7 12.Bd3 Qb6 13.Qe2 Bd7 14.Nf3 a6 15.O-O h6
16.Bg3 Na7 17.e4 dxe4 18.Bxe4 Rc8 19.Bd3 Qb3 20.Rac1 b5 21.Ra1 Rc6 22.Bf2 Nc8
23.Rfb1 f5 24.exf6 gxf6 25.Nd2 Qd5 26.Bg6+ Kf8 27.Be4 Qg5 28.Nf3 Qg4 29.h3 Qg7
30.Nh4 Rg8 31.Bxc6 Bxc6 32.Qxe6 Bxg2 33.Qxc8+ Kf7 34.Qxg8+ Qxg8 35.Nxg2 Qc8
36.Kh2 Qf5 37.Bg3 b4 38.cxb4 Bxb4 39.Rd1 a5 40.d5 Ke7 41.d6+ Kd7 42.Rac1 Bc5
43.Rd2 h5 44.Rdc2 Bb6 45.Rc7+ Kd8 46.Rb7 Bc5 47.Rc7 Bb6 48.Rg7 Bc5 49.d7 h4
50.Nxh4 Qd5 51.Re1 Bg1+ 52.Kxg1 Qd4+ 53.Bf2 {#r} 1-0

[Event "36th Zalakaros Open 2017"]
[Site "Zalakaros HUN"]
[Date "2017.05.24"]
[Round "7.6"]
[White "Rapport,R"]
[Black "Horvath,Jo1"]
[Result "1-0"]
[WhiteElo "2698"]
[BlackElo "2526"]

1.Nc3 d5 2.d4 Nf6 3.Bf4 e6 4.e3 Bd6 5.Nf3 O-O 6.Bd3 Nc6 7.Bg5 b6 8.a3 Bb7
9.Qe2 Be7 10.h4 Na5 11.e4 dxe4 12.Nxe4 Nxe4 13.Bxe7 Qxe7 14.Bxe4 c5 15.Bxb7
Qxb7 16.dxc5 bxc5 17.b3 Rad8 18.O-O Rd5 19.Qe4 h6 20.b4 Nc6 21.c4 Rf5 22.g4
Rf6 23.Ne5 Rc8 24.b5 Na5 25.Qxb7 Nxb7 26.f4 Rd8 27.Nc6 Rd7 28.g5 hxg5 29.hxg5
Rf5 30.Rad1 Rc7 31.a4 {#r} 1-0

[Event "36th Zalakaros Open 2017"]
[Site "Zalakaros HUN"]
[Date "2017.05.25"]
[Round "8.23"]
[White "Bagi,M"]
[Black "Rajdeep,Sarkar"]
[Result "1-0"]
[WhiteElo "2455"]
[BlackElo "2312"]

1.d4 d5 2.Nc3 Bf5 3.Bf4 c6 4.e3 e6 5.g4 Bg6 6.h4 h6 7.Bd3 Bxd3 8.Qxd3 Bd6
9.Nge2 Ne7 10.O-O-O Na6 11.e4 Bxf4+ 12.Nxf4 Nb4 13.Qg3 Qd7 14.Nh5 Rg8 15.a3
Na6 16.g5 hxg5 17.hxg5 dxe4 18.Nxe4 O-O-O 19.Qf4 Nf5 20.Nhg3 Qc7 21.Qxc7+ Nxc7
22.c3 Nd5 23.Rh7 Nde7 24.Rdh1 Rd5 25.Rh8 Rxh8 26.Rxh8+ Rd8 27.Rh7 Kc7 28.g6
Nxg6 29.Nxf5 exf5 30.Ng3 f4 31.Nf5 Kd7 32.Nxg7 Ke7 33.Nf5+ Kf6 34.Nh4 Re8
35.Kd2 Rh8 36.Rxh8 Nxh8 37.Kd3 Kg5 38.Nf3+ Kf5 39.Ne5 f6 40.Nc4 Nf7 41.f3 b6
42.a4 Ng5 43.Nd2 Ke6 44.c4 f5 45.b4 Kd6 46.Ke2 Ne6 47.Nb3 a6 48.a5 b5 49.Kd3
Ng5 50.Nd2 Ne6 51.Nb3 Ng5 52.cxb5 cxb5 53.Nc5 Nxf3 54.Nxa6 Ne1+ 55.Kd2 Nf3+
56.Kc3 Nh2 57.Kd3 Ng4 58.Nc5 Nf6 59.a6 Nd5 60.Ke2 Nc7 61.Kf3 Kd5 62.a7 Na8
63.Nb3 Kc6 64.Kxf4 Kb6 65.Kxf5 Kxa7 66.d5 Kb6 67.d6 Kb7 68.Ke6 Nb6 69.Nd4 Kc8
70.Nxb5 Kd8 71.Nd4 Kc8 72.Nc6 Nd7 73.Ne5 Nb6 74.d7+ Kc7 75.b5 Nxd7 76.Nxd7 Kb7
77.Kd6 {#r} 1-0

[Event "36th Zalakaros Open 2017"]
[Site "Zalakaros HUN"]
[Date "2017.05.26"]
[Round "9.2"]
[White "Rapport,R"]
[Black "Banusz,T"]
[Result "1-0"]
[WhiteElo "2698"]
[BlackElo "2616"]

1.d4 d5 2.Nc3 Nf6 3.Bf4 a6 4.e3 e6 5.a3 c5 6.Nf3 b5 7.Ne5 Bb7 8.Nd3 cxd4
9.exd4 Qb6 10.Be3 Qc7 11.g3 Nbd7 12.Bg2 Bd6 13.Ne2 Nb6 14.Bf4 Bxf4 15.Nexf4
O-O 16.O-O Ne4 17.Re1 Rac8 18.c3 Na4 19.Rc1 Rfe8 20.Bh3 Qd6 21.f3 Nf6 22.Rc2
Nd7 23.Rce2 Nf8 24.Qd2 Rc7 25.Nh5 Qd8 26.Nf2 Bc8 27.Ng4 f6 28.Nf2 g6 29.Nf4
Qd6 30.Ng4 Kf7 31.Nd3 h5 32.Ne3 Kg7 33.Ng2 Nb6 34.Qe3 Rce7 35.Qf2 Nc4 36.Ngf4
Nh7 37.b3 Nb6 38.Bg2 Nd7 39.Nc5 e5 40.Nfd3 Nhf8 41.b4 exd4 42.Rxe7+ Rxe7
43.Rxe7+ Qxe7 44.Qxd4 Nxc5 45.Qxc5 Qxc5+ 46.Nxc5 Nd7 47.Kf2 Nb6 48.Bf1 Kf7
49.Ke3 Ke7 50.Kd4 Kd6 51.Bd3 f5 52.h4 Na8 53.Ke3 Ke5 54.Be2 Nb6 55.Nd3+ Kf6
56.Nf4 Nc4+ 57.Kd4 Nxa3 58.Nxd5+ Ke6 59.Nf4+ Kf6 60.Kc5 Nb1 61.c4 bxc4 62.Bxc4
Nd2 63.Bd5 Bd7 64.Ne2 g5 65.f4 g4 66.Bg2 Bb5 67.Nc3 Bd3 68.Kd4 Bf1 69.Bd5 Ke7
70.Ke3 Nc4+ 71.Bxc4 Bxc4 72.Kd4 Bb3 73.Ke5 Bc2 74.Nd5+ {#r} 1-0

[Event "10th KIIT Elite Open 2017"]
[Site "Bhubaneswar IND"]
[Date "2017.05.28"]
[Round "4.25"]
[White "Prasant,N Nayagam"]
[Black "Grover,S"]
[Result "1-0"]
[WhiteElo "2087"]
[BlackElo "2478"]

1.d4 d5 2.Bf4 c5 3.e3 Nc6 4.c3 Nf6 5.Nd2 Bf5 6.Qb3 Qc8 7.Ngf3 e6 8.Be2 h6
9.Ne5 Be7 10.dxc5 O-O 11.O-O Nxe5 12.Bxe5 Nd7 13.Bd6 Nxc5 14.Bxc5 Qxc5 15.Nf3
Rab8 16.a4 Rfd8 17.h3 Bf6 18.Nd4 Bg6 19.Qa3 Qc8 20.Rfd1 e5 21.Nf3 Qc7 22.Qb3
Qc6 23.Rac1 Be4 24.Ne1 Rbc8 25.Bd3 Bxd3 26.Nxd3 a5 27.Qb5 Qxb5 28.axb5 Rd6
29.b3 g5 30.Nb2 d4 31.exd4 exd4 32.Nc4 Rdd8 33.cxd4 Rd5 34.Nxa5 Rxc1 35.Rxc1
Rxb5 36.Rc5 Rb6 37.d5 Bd4 38.Rc4 Be5 39.Rc8+ {#r} 1-0

[Event "Deltalift Open 2017"]
[Site "Tylosand SWE"]
[Date "2017.05.25"]
[Round "3.15"]
[White "Crevatin,Leo"]
[Black "Jepson,C"]
[Result "0-1"]
[WhiteElo "2032"]
[BlackElo "2429"]

1.d4 d5 2.Bf4 c5 3.e3 Nc6 4.c3 Nf6 5.Nd2 Bg4 6.Ngf3 e6 7.Qb3 Qc8 8.h3 c4 9.Qa4
Bxf3 10.Nxf3 a6 11.Qc2 b5 12.Be2 Be7 13.O-O O-O 14.Ne5 Na5 15.b4 Nb7 16.a4 Nd6
17.a5 h6 18.Rae1 Qb7 19.Kh1 Rfd8 20.Rg1 Nfe4 21.f3 Nf6 22.g4 Nh7 23.Kh2 Re8
24.Bg3 Bf8 25.Bf1 Rad8 26.Bg2 f6 27.Ng6 Nf7 28.Nxf8 Nxf8 29.e4 e5 30.Rd1 dxe4
31.fxe4 Ne6 32.d5 Nf4 33.Qd2 Qc7 34.Bf2 Qc8 35.Be3 Ng5 36.Bxf4 exf4 37.Qxf4
Nf7 38.Bf3 Re5 39.Rge1 Qc7 40.Kg2 Rd6 41.Rd4 Qe7 42.Re2 Rg5 43.Kh2 Qe5 44.Qxe5
Nxe5 45.Rf2 Nf7 46.Re2 Re5 47.h4 Kf8 48.Kg3 Ke7 49.Rdd2 Rd8 50.Bg2 Nd6 51.Bf3
Re8 52.Rd4 Kf7 53.Kf2 g6 54.Kf1 Ke7 55.Kf2 Rg8 56.Kf1 Kf7 57.Kf2 Ke7 58.Kf1
Nf7 59.Kf2 Kd6 60.Kf1 Rge8 61.Kf2 R5e7 62.Re3 Ne5 63.Be2 Rf8 64.Kg3 Rg7 65.Rd1
f5 66.Rf1 Rgf7 67.exf5 gxf5 68.Rxf5 Rxf5 69.gxf5 Rxf5 70.Bf3 h5 71.Kg2 Rf6
72.Bxh5 Rh6 73.Bf3 Rxh4 74.Kg3 Rh6 75.Be4 Rf6 76.Bf3 Rg6+ 77.Kf4 Nxf3 {#R} 0-1

[Event "Deltalift Open 2017"]
[Site "Tylosand SWE"]
[Date "2017.05.25"]
[Round "3.16"]
[White "Persson,Ande"]
[Black "Ernst,T"]
[Result "0-1"]
[WhiteElo "2046"]
[BlackElo "2382"]

1.d4 d5 2.Nc3 Nf6 3.Bf4 e6 4.Nb5 Na6 5.a3 c6 6.Nc3 Bd6 7.e3 Nc7 8.Bd3 O-O
9.Nf3 c5 10.Ne5 Qe7 11.O-O Nd7 12.Nxd7 Bxd7 13.Bxd6 Qxd6 14.Qd2 e5 15.dxe5
Qxe5 16.b4 b6 17.f4 Qf6 18.Rab1 Bc6 19.bxc5 bxc5 20.g4 d4 21.Ne2 Qe6 22.f5
Qxe3+ 23.Qxe3 dxe3 24.Rb3 Nd5 25.Bc4 Nb6 26.Bb5 Bxb5 27.Rxb5 Rac8 28.Rf3 Rfe8
29.Rb3 Nc4 30.Rc3 Re4 31.h3 Rce8 32.Rf4 Rxf4 33.Nxf4 Nb6 34.Kf1 Re4 35.Ng2 e2+
36.Ke1 Nc4 37.Rd3 h5 38.g5 Ne5 39.Re3 Rxe3 {#R} 0-1